[Event "Linares"]
[Site "20"]
[Date "2003.03.06"]
[Round "11"]
[White "Radjabov, Teimour"]
[Black "Vallejo Pons, Francisco"]
[Result "1/2-1/2"]
[WhiteElo "2624"]
[BlackElo "2629"]
[Annotator "JvR"]
[PlyCount "64"]
[EventDate "2003.??.??"]

1. d4 d5 2. c4 c6 3. Nc3 Nf6 4. e3 e6 5. Nf3 Nbd7 6. Bd3 dxc4 7. Bxc4 b5 8. Bd3
Bb7 9. e4 b4 10. Na4 c5 11. e5 Nd5 12. Nxc5 Nxc5 13. dxc5 Bxc5 14. O-O h6 15.
Nd2 Qc7 16. Re1 Rd8 17. Ne4 Be7 18. Qa4+ Bc6 19. Bb5 Bd7 20. Bd2 O-O 21. Bxd7
Rxd7 22. Rac1 Qb7 23. Qb3 Rc8 24. h3 Rxc1 25. Bxc1 Qc7 26. Bd2 Qxe5 $5 {
Vallejo is tired of manoeuvring.} ({Possible is} 26... Qb6 {but Black wants to
play something special.}) 27. Nc5 Qxe1+ 28. Bxe1 Bxc5 29. Bd2 Rc7 30. Kf1 Be7
31. Ke2 Bf6 32. f4 a5 {White cannot take the bastion.} 1/2-1/2

[Event "Linares"]
[Site "20"]
[Date "2003.03.07"]
[Round "12"]
[White "Anand, Viswanathan"]
[Black "Radjabov, Teimour"]
[Result "1-0"]
[WhiteElo "2753"]
[BlackElo "2624"]
[Annotator "JvR"]
[PlyCount "66"]
[EventDate "2003.??.??"]

1. e4 c5 2. Nf3 Nc6 3. d4 cxd4 4. Nxd4 e5 5. Nb5 d6 6. N1c3 a6 7. Na3 Nf6 8.
Nc4 b5 9. Ne3 Be7 10. g3 h5 11. Bg2 h4 12. O-O Nd4 13. Ncd5 Nxd5 14. Nxd5 Be6
15. Ne3 hxg3 16. hxg3 Qd7 17. c3 Nc6 18. Re1 Rb8 19. a4 g6 20. axb5 axb5 21.
Nd5 Bd8 22. Be3 Kf8 23. b4 Kg7 24. Qd2 Bxd5 $6 25. Qxd5 Ne7 26. Qd2 Bb6 27.
Red1 Rhc8 $6 28. Bh6+ $1 Kh7 29. Bg5 Ng8 30. Kh2 Rc4 31. Bf1 Rxe4 $2 {Radjabov
blunders.} (31... Rc7 $1 32. Be2 f6 33. Be3 Bxe3 34. Qxe3 Ne7 {repairs a lot
of damage.}) 32. f3 Nf6 33. Bxf6 Re3 1-0

[Event "Linares"]
[Site "20"]
[Date "2003.03.07"]
[Round "12"]
[White "Vallejo Pons, Francisco"]
[Black "Leko, Peter"]
[Result "1-0"]
[WhiteElo "2629"]
[BlackElo "2736"]
[Annotator "JvR"]
[PlyCount "85"]
[EventDate "2003.??.??"]

1. Nf3 c5 2. c4 Nf6 3. Nc3 d5 4. cxd5 Nxd5 5. e4 Nb4 6. Bc4 Nd3+ 7. Ke2 Nf4+ 8.
Kf1 Ne6 9. b4 g6 10. bxc5 Bg7 11. Bxe6 Bxe6 12. d4 Nc6 13. Be3 Bc4+ 14. Kg1 Qa5
{This position is known from Kasparov - Shirov, 1986.} 15. Rc1 O-O-O 16. Nb1 $3
{Vallejo Pons has prepared a new idea.} Qa6 ({The pointe is} 16... Qxa2 17.
Nbd2 {and White has returned the pawn for a charge.}) 17. d5 f5 $1 18. Rxc4 $6
({Better is} 18. Nbd2 Be2 19. Qb3 Na5 20. Qb4 {(Vallejo Pons).}) 18... Qxc4 19.
Nbd2 Qxa2 20. dxc6 bxc6 21. g3 Rd3 $2 ({Best is} 21... Bc3 22. Qf1 $1 Bxd2 23.
Nxd2 Rxd2 24. Bxd2 Qxd2 25. Qa6+ Kb8 26. Kg2 Qd7 $1) 22. Kg2 fxe4 $6 ({More
resistance is offered by} 22... Rhd8 23. Qb1 Qxb1 24. Rxb1 Rc3) 23. Ng5 Rf8 24.
Ngxe4 Be5 25. Re1 h5 26. h4 Rfd8 27. Qb1 $1 Qxb1 28. Rxb1 Bc7 29. Nc4 R8d5 30.
Ra1 Kb7 31. Ra4 Rd7 32. Ng5 R3d5 33. Ne6 Rf5 34. Nd4 Rf6 35. Rb4+ Ka6 36. Rb1
Rd5 37. Nc2 Rd7 38. Nb4+ Kb5 39. Nd2 Ka4 40. Ne4 Re6 41. Nc3+ Ka5 42. Nc2 Ka6
43. Nd4 {The Spanish hero scored his traditional win in Linares.} 1-0

[Event "Linares"]
[Site "20"]
[Date "2003.03.08"]
[Round "13"]
[White "Leko, Peter"]
[Black "Anand, Viswanathan"]
[Result "1-0"]
[WhiteElo "2736"]
[BlackElo "2753"]
[Annotator "JvR"]
[PlyCount "130"]
[EventDate "2003.??.??"]

1. e4 e5 2. Nf3 Nf6 3. Nxe5 d6 4. Nf3 Nxe4 5. d4 d5 6. Bd3 Nc6 7. O-O Be7 8. c4
Nb4 9. Be2 O-O 10. Nc3 Bf5 11. a3 Nxc3 12. bxc3 Nc6 13. Re1 Re8 14. cxd5 Qxd5
15. Bf4 Rac8 16. Bd3 $1 Qd7 17. Rb1 Bxd3 $6 ({More prudent is} 17... b6) 18.
Qxd3 b6 19. d5 Bf6 20. c4 h6 21. h3 Re7 22. Rbd1 Rd8 23. Rxe7 Nxe7 24. Ne5 Bxe5
25. Bxe5 Re8 26. Bg3 Nf5 $5 {Black has chosen a risky move.} 27. Bxc7 Qxc7 28.
Qxf5 Qxc4 29. d6 Rd8 $1 30. d7 Qc6 31. g3 a6 32. h4 b5 33. Rd5 $5 ({No
progress is made by} 33. Qe5 Kf8 $1) 33... a5 34. Rxb5 g6 35. Qd5 Qxd7 36. Qxd7
Rxd7 37. Rxa5 Kg7 $2 {Anand makes elementary mistakes in a drawn rook ending.}
({The right move} 37... h5 {is best known from the rook ending of four versus
three pawns on a flank.}) 38. a4 Rd1+ 39. Kg2 Ra1 $6 ({He can still play} 39...
h5) 40. g4 $1 Kf6 41. Kg3 Rc1 42. Rb5 g5 $2 ({Better is} 42... Rc4 $1 43. a5
Ra4) 43. Rf5+ $1 Kg6 44. h5+ Kg7 {The white rook is strong and pawn h6 a
weakness. Black has a narrow escape despite the problems.} 45. a5 Ra1 $2 ({
Correct is} 45... Rc4 $1 46. Kf3 $1 (46. f3 Rc2 $1) 46... Ra4 47. Ke3 $1 Rxg4
48. Kd3 Kf8 {(Lékó)} 49. Kc3 $1 Ke7 $1 50. Kb3 Rg1 51. Kb4 Rb1+ 52. Kc5 Ke6 $1)
46. Kg2 $3 Re1 ({Or} 46... Ra4 47. f3 Ra2+ 48. Kf1 $1) 47. f3 Re6 48. Kf2 Kf8
49. Rb5 Kg7 50. Rf5 Kf8 51. Rc5 Kg7 52. Rb5 Kf8 53. Rb6 Re5 54. a6 Kg7 55. a7
Ra5 56. Rb7 Ra3 57. Ke2 Kf6 58. Kd2 Ke6 59. Kc2 f6 60. Kb2 Ra4 61. Kb3 Ra1 62.
Kb4 Kd6 63. Rh7 Ke5 64. Kb5 Ra2 ({The pointe is} 64... Kf4 65. Rf7 $1 Kxf3 66.
Rxf6+ Kxg4 67. Ra6) 65. Kb6 Kd5 1-0

[Event "Linares"]
[Site "20"]
[Date "2003.03.08"]
[Round "13"]
[White "Radjabov, Teimour"]
[Black "Kramnik, Vladimir"]
[Result "1/2-1/2"]
[WhiteElo "2624"]
[BlackElo "2807"]
[Annotator "JvR"]
[PlyCount "96"]
[EventDate "2003.??.??"]

1. d4 Nf6 2. c4 e6 3. Nf3 b6 4. Nc3 Bb7 5. a3 d5 6. cxd5 Nxd5 7. Qc2 Nxc3 8.
bxc3 c5 9. e4 Nd7 10. Bf4 Be7 11. d5 $5 exd5 12. exd5 O-O 13. Rd1 g5 14. Be3 g4
15. Ng1 f5 16. h3 Bg5 17. hxg4 Bxe3 18. fxe3 Qg5 19. Bd3 Rae8 20. Ne2 Qxe3 21.
c4 $5 {Both players want to fight.} (21. Bxf5 Qg3+ 22. Kd2 Qe3+ {draws.}) 21...
Qg3+ 22. Kd2 Qxg4 23. Rh3 Qg5+ 24. Kc3 Re3 25. Rxe3 Qxe3 26. Qd2 Qxd2+ 27. Kxd2
Bc8 28. Nf4 Ne5 29. Re1 Re8 30. Kc3 Bd7 31. Bc2 Kg7 32. Nh5+ Kg6 33. Ng3 Kg5
34. Rf1 Rf8 35. Ne4+ Kg6 36. a4 $2 ({The retreat} 36. Ng3 {is better.}) 36...
Nf7 37. Nd2 Re8 38. Nf3 Nd6 39. Bd3 Kf6 40. Ra1 $6 Re3 41. Kd2 Re7 $2 {Kramnik
misses his best chance for an overall victory in the tournament.} (41... f4 $1
42. a5 Bf5 43. Bf1 Ne4+ {adds a positional advantage to the material plus.})
42. a5 Rg7 43. axb6 Rxg2+ 44. Ke3 axb6 45. Rb1 h5 $6 46. Rxb6 Ke7 47. Ra6 f4+
48. Kxf4 Rg4+ 1/2-1/2

[Event "Linares"]
[Site "20"]
[Date "2003.03.09"]
[Round "14"]
[White "Kramnik, Vladimir"]
[Black "Leko, Peter"]
[Result "1/2-1/2"]
[WhiteElo "2807"]
[BlackElo "2736"]
[Annotator "JvR"]
[PlyCount "69"]
[EventDate "2003.??.??"]

1. e4 c5 2. Nf3 Nc6 3. Nc3 e5 4. Bc4 d6 5. d3 Be7 6. O-O Nf6 7. Ng5 O-O 8. f4
exf4 9. Bxf4 h6 10. Nf3 Be6 11. Nd5 Bxd5 12. exd5 $5 ({Usual is} 12. Bxd5 Nxd5
13. exd5 Ne5) 12... Na5 13. Nh4 Nxc4 14. dxc4 {Kramnik has to win this game.
He has reached a sharp position.} Nxd5 $5 (14... g5 $2 15. Nf5 gxf4 16. Rxf4 {
will lose for Black.}) (14... Qd7 {was played in Kovalev-Sveshnikov, Rowy 1999.
}) 15. Qxd5 Bxh4 16. Rad1 b6 17. Bxd6 Be7 18. Be5 Bg5 19. Bd6 Be7 20. Bf4 Bf6
21. c3 Qxd5 $1 {The following endgame can be well defended by Black.} 22. cxd5
Rad8 23. Bxh6 Bxc3 24. bxc3 gxh6 25. Rfe1 Rd7 26. c4 a6 $1 27. a4 b5 $1 28.
axb5 axb5 29. cxb5 Rb8 30. d6 Rxb5 31. Re7 Rbb7 32. Rxd7 Rxd7 33. Kf2 Kg7 34.
Kf3 Kf6 35. Rd5 {Lékó has won the tournament due to a higher number of wins.}
1/2-1/2

[Event "Linares"]
[Site "20"]
[Date "2003.03.09"]
[Round "14"]
[White "Vallejo Pons, Francisco"]
[Black "Ponomariov, Ruslan"]
[Result "0-1"]
[WhiteElo "2629"]
[BlackElo "2734"]
[Annotator "JvR"]
[PlyCount "106"]
[EventDate "2003.??.??"]

1. Nf3 Nf6 2. d4 e6 3. c4 b6 4. g3 Bb7 5. Bg2 Be7 6. O-O O-O 7. Nc3 Ne4 8. Bd2
Bf6 9. Qc2 Nxd2 10. Qxd2 d6 11. Rfd1 Nd7 12. b4 $5 g6 13. a4 a5 14. b5 Bg7 15.
Rac1 Qe7 16. Qg5 Nf6 17. Ne1 Bxg2 18. Nxg2 Rac8 19. Ne4 Rfd8 20. Ne3 h6 21.
Nxf6+ Qxf6 22. Qxf6 Bxf6 23. c5 dxc5 24. dxc5 Bg5 25. c6 Kf8 26. Rd7 $6 (26. f4
$1 {keeps a plus.}) 26... Bxe3 27. fxe3 Rxd7 28. cxd7 Rd8 29. Rxc7 Ke7 30. Rb7
Rxd7 31. Rxb6 Rd1+ 32. Kf2 Ra1 {White meets unexpected problems.} 33. Rb7+ $6 (
33. e4 $1 Rxa4 34. e5 {is ok (Ponomariov).}) 33... Kd6 $1 34. Rb6+ $1 {Capture
on f7 is risky.} Kd5 35. e4+ $2 ({Correct is} 35. Rb7 $1 Rxa4 {(Ponomariov)}
36. b6 $1 Kc5 37. Rxf7 Rb4 38. b7 Kd6 39. Ke1) 35... Kxe4 36. Ra6 Rxa4 37. b6
e5 38. b7 Rb4 39. Ra7 h5 40. h3 f6 41. Rxa5 Rxb7 42. Ra4+ Kf5 43. e4+ $2 ({The
last chance gives} 43. g4+ $1 hxg4 44. hxg4+ Kg5 45. e3 {(Ftacnik).}) 43... Kg5
44. Ra6 Rf7 45. Kf3 h4 46. Rb6 Rh7 47. Re6 hxg3 48. Kxg3 Rh4 49. Rxf6 Rxh3+ 50.
Kxh3 Kxf6 51. Kg4 Kf7 52. Kh4 Kg8 53. Kg4 Kh7 {Ponomariov and Lékó had a
positive score in the second cycle. Kramnik and Kasparov only drew.} (53... Kh7
{Ponomariov has calculated} 54. Kg5 Kg7 55. Kh4 Kh6 56. Kg4 g5 57. Kf5 Kh5 58.
Kxe5 g4 59. Kf4 Kh4 60. e5 g3 61. e6 g2 62. e7 g1=Q 63. e8=Q Qf1+) 0-1

[Event "Linares"]
[Site "21"]
[Date "2004.02.19"]
[Round "1"]
[White "Radjabov, Teimour"]
[Black "Leko, Peter"]
[Result "0-1"]
[WhiteElo "2656"]
[BlackElo "2722"]
[Annotator "JvR"]
[PlyCount "90"]
[EventDate "2004.??.19"]

1. d4 Nf6 2. Bg5 d5 3. e3 g6 4. Bxf6 exf6 5. c4 dxc4 6. Bxc4 Bd6 7. Nc3 O-O 8.
h4 h5 9. Qc2 Kg7 10. Nge2 Nd7 11. O-O-O Nb6 12. Bb3 Qe7 {The unconventional
opening has resulted in pleasant play for Black.} 13. Qe4 Re8 14. Qxe7 Bxe7 15.
Nf4 a5 16. a3 Bd6 17. Nd3 a4 18. Ba2 Ra5 $1 19. e4 Rd8 $1 20. Rhe1 $6 Be7 21.
Nf4 f5 {Optimistic play by Radjabov has led to a poor position.} 22. e5 $2 ({
Correct is} 22. exf5 $1 Bxh4 23. fxg6 Bg5 $1 24. g3 fxg6 {(Lékó).}) 22... Bxh4
23. g3 Bg5 24. d5 c6 $1 25. dxc6 Rxd1+ 26. Kxd1 bxc6 27. e6 Bxf4 28. e7 Bd7 29.
e8=Q Bxe8 30. Rxe8 Bd6 31. Ne2 Rb5 32. Kc2 f4 33. gxf4 Rf5 34. Re4 h4 35. Ng1
Rxf4 36. Rxf4 Bxf4 37. b3 f5 38. bxa4 Nxa4 39. Nh3 Bd6 40. f4 Nb6 41. Kb2 Kh6
42. Bf7 Nd5 43. Be8 Nxf4 44. Nxf4 Bxf4 45. Bxc6 g5 {All games in the next four
rounds were drawn.} 0-1

[Event "Linares"]
[Site "21"]
[Date "2004.02.25"]
[Round "6"]
[White "Shirov, Alexei"]
[Black "Radjabov, Teimour"]
[Result "1-0"]
[WhiteElo "2736"]
[BlackElo "2656"]
[Annotator "JvR"]
[PlyCount "131"]
[EventDate "2004.??.19"]

1. d4 Nf6 2. c4 g6 3. Nc3 Bg7 4. e4 d6 5. Be2 O-O 6. Nf3 e5 7. O-O Nc6 8. d5
Ne7 9. b4 Nh5 10. Re1 f5 11. Ng5 Nf6 12. Bf3 c6 13. Bb2 h6 14. Ne6 Bxe6 15.
dxe6 fxe4 16. Nxe4 Nxe4 17. Rxe4 d5 18. cxd5 cxd5 19. Rxe5 Bxe5 20. Bxe5 Qb6
21. Bb2 $1 ({Theory is} 21. Qd2) 21... Kh7 22. Qe2 d4 23. h4 Rf6 24. Re1 Qxb4
25. a3 $1 Qd6 26. h5 $1 Raf8 $6 ({Better is} 26... Rd8 $1 27. Qe4 b6 28. hxg6+
Kg8 29. Bc1 Kg7 30. Bb2 {drawn.}) 27. Qe4 Nc6 28. hxg6+ Kg7 29. Bc1 Qe7 30.
Bxh6+ $1 Kxh6 31. Qh4+ Kxg6 32. Bxc6 bxc6 33. Re5 $1 {If the queen's rook had
gone to d8 on move 26, it could have been placed on d5.} Qxe6 $2 ({Right is} 
33... Rxe6 $1 34. Qh5+ Kf6 35. Rf5+ Kg7 36. Rg5+ Qxg5 37. Qxg5+ Rg6 38. Qe5+
Kg8 39. Qxd4 Rf7 40. g3 Rfg7 $1 {(Shirov).}) 34. Rxe6 Rxe6 35. Qg4+ $1 Kf7 36.
Qxd4 a6 37. g4 Rg8 38. f3 Rf6 39. Kf2 Re8 40. Qc4+ Kg7 41. Qxa6 Ref8 42. Qd3 c5
43. a4 Ra8 44. Qc3 Kg6 45. Qxc5 Rfa6 46. Kg3 Rxa4 47. Qd6+ Kf7 48. g5 R8a6 49.
Qd7+ Kg6 50. f4 Ra1 51. Qd3+ Kg7 52. Qd4+ Kg8 53. Kg4 R1a2 54. Qd8+ Kg7 55.
Qc7+ Kg8 56. f5 Ra7 57. Qd8+ Kg7 58. f6+ Kh7 59. Qd3+ Kh8 60. Kf5 Ra8 61. Qh3+
Kg8 62. Kg6 R2a7 63. Qe6+ Kf8 64. Qd6+ Kg8 65. Qd5+ Kh8 66. Qh1+ 1-0

[Event "Linares"]
[Site "21"]
[Date "2004.02.26"]
[Round "7"]
[White "Kasparov, Gary"]
[Black "Vallejo Pons, Francisco"]
[Result "1-0"]
[WhiteElo "2831"]
[BlackElo "2663"]
[Annotator "JvR"]
[PlyCount "73"]
[EventDate "2004.??.19"]

1. d4 d5 2. c4 c6 3. Nf3 Nf6 4. Nc3 e6 5. e3 Nbd7 6. Qc2 b6 7. Bd3 Bb7 8. O-O
Be7 9. b3 Rc8 10. Bb2 Qc7 11. Rad1 h6 12. e4 $1 {Kasparov gains a plus by a
new move.} dxe4 13. Nxe4 O-O 14. c5 $5 Nxe4 15. Bxe4 a5 ({Better is} 15... Ba6
$1 16. Rfe1 Nf6 {and the strong White bishop will be exchanged (Kasparov).})
16. Rfe1 Rfd8 17. Bh7+ Kh8 18. Bd3 Kg8 19. Bh7+ Kh8 20. Bd3 Kg8 21. Ba3 {White
plays for a win naturally.} Qb8 22. Qc1 bxc5 23. Bb1 Qa7 $2 ({Right is} 23...
Nf6 $1 24. Qc2 Rd5 $1) 24. Qc2 Nf6 25. Ne5 $1 Rd5 $5 ({Kasparov gives} 25...
Kf8 26. Nxf7 $1 Kxf7 27. Qg6+ Kf8 28. Bf5 $1 exf5 29. Rxe7 $1) 26. Ng4 $1 Rf5
27. Nxf6+ gxf6 28. h4 $5 Kh8 29. Qe2 Ba6 30. Qe3 Rh5 31. Bxc5 Bxc5 32. dxc5
Qxc5 33. Qf3 Kg7 34. Qg4+ Kh8 35. Rd7 Rg8 36. Qf3 Re5 37. Qxf6+ 1-0

[Event "Linares"]
[Site "21"]
[Date "2004.02.26"]
[Round "7"]
[White "Kramnik, Vladimir"]
[Black "Topalov, Veselin"]
[Result "1-0"]
[WhiteElo "2777"]
[BlackElo "2735"]
[Annotator "JvR"]
[PlyCount "73"]
[EventDate "2004.??.19"]

1. e4 c5 2. Nf3 d6 3. d4 cxd4 4. Nxd4 Nf6 5. Nc3 a6 6. Be3 e5 7. Nb3 Be6 8. f3
Nbd7 9. Qd2 b5 10. O-O-O h5 11. Nd5 Bxd5 12. exd5 g6 13. Kb1 Nb6 $2 ({Correct
is} 13... Bg7 {(Kramnik).}) 14. Qc3 $1 Be7 ({The pointe is} 14... Rc8 15. Bxb6
$1) 15. Qc6+ Nbd7 16. Bb6 $3 {Vladimir wins by force.} Qxb6 ({Or} 16... Qc8 17.
Bc7 Ra7 18. Bxd6 $1 {(Kramnik).}) 17. Qxa8+ Nb8 18. Na5 Nfd7 19. Nc6 Bg5 20.
Qa7 Nxc6 21. Qxb6 Nxb6 22. dxc6 Ke7 23. Rd3 Rc8 24. Ra3 Na4 25. c4 $1 Rxc6 26.
Be2 ({Not} 26. cxb5 Rc1#) 26... Rb6 27. cxb5 axb5 28. Bxb5 $1 Rxb5 29. Rxa4 f5
30. Rd1 Be3 31. a3 d5 32. b4 d4 33. Ra5 Rxa5 34. bxa5 Kd6 35. Kc2 e4 36. fxe4
fxe4 37. Re1 $1 ({Kramnik has calculated} 37. Re1 Kc6 38. Rxe3 $1 dxe3 39. Kd1)
1-0

[Event "Linares"]
[Site "21"]
[Date "2004.02.26"]
[Round "7"]
[White "Leko, Peter"]
[Black "Shirov, Alexei"]
[Result "1-0"]
[WhiteElo "2722"]
[BlackElo "2736"]
[Annotator "JvR"]
[PlyCount "107"]
[EventDate "2004.??.19"]

1. e4 e5 2. Nf3 Nf6 3. Nxe5 d6 4. Nf3 Nxe4 5. d4 d5 6. Bd3 Bd6 7. O-O O-O 8. c4
c6 9. Qc2 Na6 10. a3 Bg4 11. Ne5 Bh5 12. cxd5 cxd5 13. Nc3 Bxe5 $1 {A novelty
slightly improves the theory.} 14. dxe5 Nac5 15. Nxe4 Nxd3 $1 16. Qxd3 Bg6 17.
Qb3 Bxe4 18. Qxb7 $5 Qh4 $1 19. Qb3 d4 20. Qg3 $1 {Lékó has to simplify
immediately.} Qxg3 21. hxg3 Rfc8 22. f3 Bg6 23. Rf2 h5 24. Bf4 d3 25. Bd2 $1
Rc2 26. Bc3 Kf8 27. Rd2 Rc8 28. Rad1 Ke7 29. Kf2 Rc4 30. Ke3 {The game has
remained lively despite the bishops of opposite colours.} Bf5 $2 ({Right is} 
30... Ke6 $1 31. Rxd3 (31. Rh1 Kd5) 31... Bxd3 32. Kxd3 R4xc3+ 33. bxc3 Rxg2 {
(Lékó).}) 31. Rh1 $1 g6 32. Rh4 $1 Rxh4 33. gxh4 a6 {Now Black cannot stop the
white king from entering through a flank.} 34. Kd4 Kd7 35. Kc5 Kc7 36. a4 Rc1
37. g4 hxg4 38. fxg4 Bxg4 39. Rxd3 Rh1 40. Ba5+ $1 Kb7 41. Rb3+ Kc8 42. Rb4 $1
Rxh4 43. Rd4 g5 44. Be1 Rh1 45. Rxg4 Rxe1 46. Rxg5 Kd7 47. Rf5 Ke7 ({Or} 47...
Ke6 48. Rf6+ Kxe5 49. Rxa6 {(Lékó).}) 48. b4 Ra1 49. a5 Rc1+ 50. Kb6 Rc4 51. b5
axb5 52. a6 Ke6 53. Rf6+ Kxe5 54. Rxf7 (54. Rxf7 Ra4 55. Kxb5 {leads to a
theoretical win of rook and pawn versus rook.  All games were decided in this
round! Lékó led at the end of the first cycle with a score of plus two.}) 1-0

[Event "Linares"]
[Site "21"]
[Date "2004.02.29"]
[Round "10"]
[White "Topalov, Veselin"]
[Black "Shirov, Alexei"]
[Result "1-0"]
[WhiteElo "2735"]
[BlackElo "2736"]
[Annotator "JvR"]
[PlyCount "89"]
[EventDate "2004.??.19"]

1. e4 e5 2. Nf3 Nc6 3. Bb5 a6 4. Ba4 Nf6 5. O-O Be7 6. Re1 b5 7. Bb3 d6 8. c3
O-O 9. h3 Na5 10. Bc2 c5 11. d4 Qc7 12. d5 Nc4 13. b3 Nb6 14. a4 Bd7 15. a5 Nc8
16. c4 $5 g6 $6 ({More useful is} 16... Rb8 $1) 17. Nc3 Nh5 18. Ne2 Re8 19. Ra2
Bf8 20. g4 Ng7 $6 (20... Nf6 $1 21. Bg5 Bg7 {moves the pieces to better
squares.}) 21. Ng3 f6 22. Nh2 $1 {White prepares an advance of pawns.} Re7 23.
h4 Rf7 24. f4 exf4 25. Bxf4 Qd8 26. Rf1 Qe7 27. h5 Ne8 28. Bd3 $1 Bg7 29. Kg2
Qf8 30. Qc1 bxc4 31. bxc4 Rb8 32. Raf2 $1 Rb3 33. Rf3 Ne7 34. Bd2 Bc8 35. Qc2
$1 Rb8 36. Kh1 gxh5 $6 37. Nxh5 Ng6 $1 38. e5 $3 {White instead of Black
occupies the critical square.} dxe5 ({The point is} 38... Nxe5 39. Bxh7+) 39.
Bxg6 hxg6 40. Qxg6 e4 41. Rh3 Rfb7 42. Nf4 Rb1 43. Qh7+ Kf7 44. Qh5+ Kg8 45.
Ng6 {Shirov was crushed quietly.} 1-0

[Event "Linares"]
[Site "21"]
[Date "2004.03.02"]
[Round "11"]
[White "Leko, Peter"]
[Black "Kramnik, Vladimir"]
[Result "0-1"]
[WhiteElo "2722"]
[BlackElo "2777"]
[Annotator "JvR"]
[PlyCount "72"]
[EventDate "2004.??.19"]

1. e4 c5 2. Nf3 Nc6 3. d4 cxd4 4. Nxd4 Nf6 5. Nc3 e5 6. Ndb5 d6 7. Bg5 a6 8.
Na3 b5 9. Bxf6 gxf6 10. Nd5 f5 11. Bd3 Be6 12. O-O Bxd5 13. exd5 Ne7 14. Qh5 e4
15. Be2 Bg7 16. c3 Rc8 $5 {Kramnik starts a new rook manoeuvre in a
fashionable variation.} 17. Nc2 Rc5 18. Ne3 $1 f4 19. Nf5 {Elegant knight
jumps result in a plus.} O-O 20. a4 $1 Nxf5 21. Qxf5 Qe7 22. axb5 axb5 23. Qxf4
Rxd5 24. Rfd1 Re5 $5 25. Qe3 (25. Ra6 $1 {attacks on the queenside, while the
queen stays a defender.}) 25... f5 26. Qb6 f4 27. Qxd6 Qg5 28. f3 e3 29. Ra7
Kh8 $1 30. Qd7 (30. Rd7 Rg8 31. Bd3 Rge8 $11 {(Kramnik).}) 30... Rg8 31. Qh3 $2
({Correct is} 31. Kh1 $1 {(Kramnik).}) 31... Qg6 $1 32. Rad7 $6 ({Better is} 
32. Kf1 $1 Rh5 33. Rd6 Rxh3 34. Rxg6 Rxh2 35. Kg1 hxg6 36. Kxh2 Rd8 37. Bxb5
Rd2 38. b3 Bxc3 {(Kramnik), but it is doubtful whether White survives.}) 32...
Rh5 33. R7d6 Bf6 34. Rxf6 Qc2 $3 {Kramnik has found a wonderful resolution.}
35. Qxh5 Qxe2 36. g4 Qf2+ {Vladimir had won the decisive game of the
tournament.} 0-1

[Event "Linares"]
[Site "21"]
[Date "2004.03.03"]
[Round "12"]
[White "Vallejo Pons, Francisco"]
[Black "Radjabov, Teimour"]
[Result "0-1"]
[WhiteElo "2663"]
[BlackElo "2656"]
[Annotator "JvR"]
[PlyCount "124"]
[EventDate "2004.??.19"]

1. e4 c5 2. Nf3 Nc6 3. d4 cxd4 4. Nxd4 Nf6 5. Nc3 e5 6. Ndb5 d6 7. Bg5 a6 8.
Na3 b5 9. Bxf6 gxf6 10. Nd5 Bg7 11. Bd3 Ne7 12. Nxe7 Qxe7 13. O-O f5 14. c4 O-O
15. Qf3 d5 $5 16. cxd5 fxe4 17. Bxe4 Rb8 18. Rfd1 Qd7 $5 19. d6 $1 Rb6 20. Qd3
Rd8 21. Rac1 Bf8 22. Qg3+ Bg7 23. Qd3 Bf8 24. Qg3+ $6 (24. Rc7 $1 Qxc7 25.
Bxh7+ Kg7 26. dxc7 Rxd3 27. Bxd3 Rc6 28. Nc2 Rxc7 29. Ne3 {keeps an advantage 
(Rogozenko).}) 24... Bg7 25. Qh4 Rxd6 26. Bxh7+ Kf8 27. Qb4 Bb7 28. Nc2 Qe7 $1
29. Rxd6 Rxd6 30. Qg4 Rh6 31. Bf5 Rh4 32. Qd1 Bh6 $1 33. Ne3 Bxe3 34. fxe3 Bxg2
$1 35. Rc8+ Kg7 36. Qe1 Qg5 37. Qg3 Kf6 38. Qxg5+ Kxg5 39. Bd3 Bd5 40. Rg8+ Kf6
41. a3 Rh3 42. Rg3 Rh8 43. e4 Be6 44. Kg2 Rd8 45. Rf3+ Ke7 46. b4 $2 {White
commits a tactical oversight.} f5 $1 47. Rh3 f4 $1 48. Rh7+ Bf7 49. Be2 Rd2 50.
Kf1 Kf6 51. h4 Bg6 $1 52. Ra7 Bxe4 {Black has conquered the centre.} 53. Bg4 ({
The point is} 53. Rxa6+ Kf5 54. Bxb5 f3 $1) 53... f3 54. Rxa6+ Kg7 55. Ra7+ Kf8
56. Rd7 Bd3+ 57. Ke1 f2+ 58. Kxd2 f1=Q 59. Rd8+ Ke7 60. Rd7+ Ke8 61. Rxd3 Qf4+
62. Re3 Qd4+ $1 ({Black wins the bishop without losing a pawn by} 62... Qd4+
63. Rd3 Qxg4) 0-1

[Event "Linares"]
[Site "21"]
[Date "2004.03.04"]
[Round "13"]
[White "Radjabov, Teimour"]
[Black "Shirov, Alexei"]
[Result "1-0"]
[WhiteElo "2656"]
[BlackElo "2736"]
[Annotator "JvR"]
[PlyCount "155"]
[EventDate "2004.??.19"]

1. d4 Nf6 2. c4 g6 3. Nc3 d5 4. Bg5 Ne4 5. Bh4 c5 6. cxd5 Nxc3 7. bxc3 Qxd5 8.
e3 Nc6 9. Qf3 Qxf3 10. Nxf3 Bg7 11. Rb1 O-O 12. Bd3 $5 e5 $5 13. dxc5 $5 h6 14.
Nd2 g5 15. Bg3 Rd8 16. Ke2 Bf8 17. Nb3 Be6 18. Rhd1 f6 ({Preferable is} 18...
f5 $1 19. f3 Kf7) 19. f3 Rd7 20. e4 Kf7 21. Bf2 Rc8 22. Bb5 Rdc7 $6 (22... Rxd1
23. Rxd1 Be7 {and White has little advantage (Shirov).}) 23. Rd2 Kg6 24. Kd1
Nb8 $6 25. Na5 $1 g4 $6 26. c4 $6 (26. Bc4 $1 Bxc4 27. Nxc4 Bxc5 28. Bxc5 Rxc5
29. Nd6 R8c7 {(Radjabov)} 30. fxg4 {grabs a pawn.}) 26... h5 27. Ba4 Bxc5 $2 {
Black misses an excellent chance.} ({He has a fine defence by} 27... Na6 $1 28.
Rxb7 Bxc5 29. Rxc7 Rxc7 30. Bxc5 Nxc5 {(Radjabov).}) 28. Bxc5 Rxc5 29. Nxb7
Rxc4 30. Nd6 Rxa4 31. Nxc8 {White has won the exchange.} Nc6 32. Rc1 Nd4 33.
Ne7+ Kg5 34. Nc6 gxf3 35. Nxd4 exd4 36. gxf3 Bxa2 37. Ke2 Bc4+ 38. Kf2 Kf4 39.
Rxd4 Ra2+ 40. Ke1 Bb5 41. e5+ $1 Kxe5 ({The pointe is} 41... Ke3 42. exf6 $1
Kxd4 43. f7 Re2+ 44. Kd1) 42. Rd2 Rxd2 43. Kxd2 Kf4 44. Rc3 a5 45. Ke1 a4 46.
Kf2 Bd7 47. Rc4+ Kg5 48. Rd4 Be8 49. Rd5+ f5 50. Kg3 h4+ 51. Kf2 Bf7 52. Ra5
Bb3 53. Ke3 Bc2 54. h3 Bb3 55. f4+ Kf6 56. Kd4 Bc2 57. Ra6+ Kg7 58. Ke5 Kf7 59.
Ra7+ Kg6 60. Ke6 Bb3+ 61. Ke7 Kg7 62. Ra5 Bc2 63. Rc5 Be4 64. Rc1 Bd5 65. Rg1+
Kh6 66. Kf6 a3 67. Rg6+ Kh7 68. Rg7+ Kh6 69. Ra7 a2 70. Kxf5 Bc4 71. Kf6 Bb3
72. f5 Bc4 73. Ra4 Kh7 74. Kg5 Kg7 75. Ra7+ Bf7 76. f6+ Kg8 77. Kxh4 Be6 78.
Kg3 {Radjabov had compensated the two losses in the first cycle by two wins. 
Kramnik won the tournament, half-a-point before Kasparov and Lékó.} 1-0